Responses for Show #5783 - Wednesday, November 4, 2009

2009 Teen Tournament quarterfinal game 3.

Contestants

[<< previous game]

Forrest Sturgill, a senior from Kingsport, Tennessee

Lindsay Oxx, a senior from Longmeadow, Massachusetts

Gabriel Johnson, a senior from Teaneck, New Jersey

[next game >>]

Jeopardy! Round responses

MOUNTAIN + RIVER = STATE
GIRLS WHO KICK BUTT
NUMBER PATTERNS
TEEN LIT
GEMSTONES
CHANGE ONE LETTER
    $200 1
California

Lindsay
    $200 11
Charmed

Lindsay
    $200 16
(Alex: Adding 6 to each number.)

22

Gabriel
    $200 2
the '60s

Lindsay
    $200 21
pearls

Gabriel
    $200 22
corn

Lindsay
    $400 7
Oregon

Lindsay
    $400 12
Sarah Connor

Triple Stumper
    $400 17
(Alex: Yes, subtracting 15.)

3

Gabriel
    $400 3
a dragon

Forrest
    $400 27
a diamond

Forrest
    $400 23
cord

Lindsay
    $600 8
Vermont

Lindsay
    $600 13
(Angelina) Jolie

Gabriel
    $600 18
(Alex: Multiplying by 3, right.)

243

Gabriel
    $600 4
A Wrinkle in Time

Lindsay
    $600 28
jade

Triple Stumper
    $600 24
lord

Forrest
    $800 9
Utah

Gabriel
    $800 14
Dollhouse

Gabriel
    $800 19
(Alex: [*], yes. You add the previous two numbers.)

13

Forrest
    $800 5
The House of Night

Triple Stumper
    $800 29
amber

Gabriel
    $800 25
(Lindsay: What is hord?)

load

GabrielLindsay
    $1000 10
Colorado

Gabriel
    $1000 15
Storm

Gabriel
    $1,000 20
(Alex: Squaring small numbers.)

36

Forrest
    $1000 6
(Nicholas) Flamel

Gabriel
    $1000 30
(Forrest: What is a sapphire?)

turquoise

GabrielForrest
    $1000 26
lead

Lindsay

Scores at the first commercial break (after clue 15):

Gabriel Lindsay Forrest
$5,200 $2,200 $400

Scores at the end of the Jeopardy! Round:

Gabriel Lindsay Forrest
$9,200 $3,000 $2,200

Double Jeopardy! Round responses

TEEN MOZART
TV SHOWS IN OTHER WORDS
THE U.S. ARMY
IT'S A PROCESS
GEEK LOVE
WORLD OF COLORS
    $400 18
bravo

Gabriel
    $400 16
House

Gabriel
    $400 7
officers

Gabriel
    $400 22
elimination

Gabriel
    $400 2
Rock Band

Lindsay
    $400 1
red

Gabriel
    $800 27
Italy

Gabriel
    $800 17
Medium

Lindsay
    $800 8
a general

Lindsay
    $800 23
cheese

Lindsay
    $800 3
a mosquito

Forrest
    $800 12
brown

Gabriel
    $1200 28
(Gabriel: What is a missal?)
(Lindsay: What is a hymn?)
(Forrest: What is a cantata?)

a mass

GabrielLindsayForrest
Triple Stumper
    $1200 19
The Bachelor

Forrest
    $1200 9
New York

Lindsay
    $1200 24
server

Gabriel
    $1200 4
Intel

Gabriel
    $1200 13
orange

Triple Stumper
    $1600 29
(Forrest: What is a violin?)

the bassoon

Forrest
Triple Stumper
    $1600 20
Bones

Gabriel
    $1600 10
[Lindsay gave both listed responses.]

draft laws (or conscription laws)

Lindsay
    $1600 25
mitosis

Forrest
    $1600 5
(Lindsay: What is PlayStation?)
(Alex: Be more specific.)

PlayStation Portable

Lindsay
    $1600 14
black

Triple Stumper
    $2,600 30
(Gabriel: What is a farmer?)

a shepherd

Gabriel
    $3,000 21
How I Met Your Mother

Gabriel
    $2000 11
the Reserves

Forrest
    $2000 26
(Forrest: What is plasma?)

glass

Forrest
Triple Stumper
    $2000 6
Honda

Gabriel
    $2000 15
yellow

Gabriel

Scores at the end of the Double Jeopardy! Round:

Gabriel Lindsay Forrest
$20,000 $9,000 $3,000
(lock game)

Final Jeopardy! Round responses

LONDON LANDMARKS
(Alex: Arthur Conan Doyle's creation. Yes, he lived on Baker Street.)
ForrestWho is Shakespeare
$200
LindsayWho is Sherlock Holmes?
$8,900
GabrielWho is Sherlock Holmes
$1,995
Sherlock Holmes

Final scores:

Gabriel Lindsay Forrest
$21,995 $17,900 $2,800
Automatic semifinalist 2nd place: $5,000 if eliminated 3rd place: $5,000 if eliminated

Game dynamics:

Coryat scores:

Gabriel Lindsay Forrest
$21,600 $9,000 $3,000
26 R
(including 1 DD),
2 W
(including 1 DD)
16 R,
2 W
9 R
(including 1 DD),
4 W

Combined Coryat: $33,600

[game clues] [game scores] [suggest correction]

Game tape date: 2009-08-17
The J! Archive is created by fans, for fans. Scraping, republication, monetization, and malicious use prohibited; this site may use cookies and collect identifying information. See terms. The Jeopardy! game show and all elements thereof, including but not limited to copyright and trademark thereto, are the property of Jeopardy Productions, Inc. and are protected under law. This website is not affiliated with, sponsored by, or operated by Jeopardy Productions, Inc. Join the discussion at JBoard.tv.